Encuesta Nacional de Ingresos y Gastos de los Hogares 2004: principales resultados
Esta publicación es una primera entrega de resultados de la Encuesta Nacional de Ingresos y Gastos de los Hogares (ENIG 2004), realizada en el periodo abril 2004 - abril 2005
Guardado en:
| Format: | Texto |
|---|---|
| Udgivet: |
San José:
INEC
|
| Fag: | |
| Tags: |
Tilføj Tag
Ingen Tags, Vær først til at tagge denne postø!
|
MARC
| LEADER | 00000 a a2200000 04500 | ||
|---|---|---|---|
| 001 | 33741 | ||
| 003 | |||
| 040 | |||
| 020 | |a 9968-921-82-3 | ||
| 090 | |a 1001 I59e 2004 | ||
| 245 | |a Encuesta Nacional de Ingresos y Gastos de los Hogares 2004: principales resultados | ||
| 260 | |a San José: |b INEC | ||
| 300 | |a 302 p. | ||
| 520 | |a Esta publicación es una primera entrega de resultados de la Encuesta Nacional de Ingresos y Gastos de los Hogares (ENIG 2004), realizada en el periodo abril 2004 - abril 2005 | ||
| 650 | |a COSTA RICA | ||
| 650 | |a ENCUESTAS DE HOGARES | ||
| 650 | |a INGRESOS DE HOGARES | ||
| 650 | |a GASTOS FAMILIARES | ||
| 650 | |a INDICADORES DEMOGRAFICOS | ||
| 650 | |a CONDICIONES ECONOMICAS | ||
| 650 | |a CONDICIONES DE VIVIENDA | ||
| 650 | |a GASTOS DE CONSUMO | ||
| 999 | |c 16202 |d 16202 | ||



